Trombinoscope des logos des nations du foot - Statistiques

Statistiques générales
  • Ce quiz a été pris 207 fois
    129 depuis la dernière actualisation
  • Le résultat moyen est 49 sur 102
Statistiques - réponses
Hint Réponse % Correct
Italie
92%
Brésil
92%
Croatie
77%
Belgique
77%
Suède
77%
Canada
74%
Ecosse
74%
Finlande
72%
Pays-Bas
72%
France
72%
Sénégal
72%
Turquie
71%
Côte d'Ivoire
71%
Thaïlande
71%
Cameroun
71%
Allemagne
71%
Portugal
69%
Angleterre
69%
Grèce
69%
Argentine
69%
Pays de Galles
68%
Etats-Unis
68%
Qatar
66%
Japon
65%
Albanie
65%
Espagne
65%
Chili
65%
Danemark
63%
Norvège
63%
Nouvelle-Zélande
63%
Australie
62%
Egypte
60%
Arménie
60%
Mexique
60%
Pérou
58%
Irlande du Nord
58%
Chine
57%
Irlande
57%
Maroc
57%
Arabie Saoudite
55%
Bahreïn
55%
Pologne
55%
Uruguay
55%
Autriche
55%
Corée du Nord
55%
Slovaquie
55%
Ukraine
54%
Iran
54%
Costa Rica
49%
Bonsie-Herzégovine
49%
Algérie
49%
Tunisie
48%
Israël
46%
Ghana
46%
Hongrie
45%
Nigéria
45%
Chypre
45%
Gabon
43%
Suisse
43%
Azerbaïdjan
42%
Venezuela
42%
Serbie
42%
Panama
40%
République Tchèque
40%
Colombie
38%
Russie
38%
Paraguay
37%
Bulgarie
37%
République démocratique
du Congo
37%
Slovénie
37%
Islande
35%
Macédoine du Nord
35%
Irak
35%
Bolivie
34%
Monténégro
34%
Luxembourg
32%
Roumanie
32%
Corée du Sud
31%
Equateur
31%
Madagascar
31%
Angola
29%
Cap-Vert
29%
Saint-Marin
29%
Afrique du Sud
28%
Mozambique
28%
Tanzanie
28%
Gibraltar
26%
Tadjikistan
23%
Syrie
22%
Géorgie
18%
Biélorussie
18%
Kosovo
17%
Malaisie
17%
Palestine
17%
Ouzbékistan
15%
Oman
14%
Namibie
12%
Zambie
12%
Jordanie
12%
Curaçao
12%
Îles Féroé
11%
Kenya
8%
Aucun quiz correspondant
Distribution des résultats
% des personnes avec chaque résultat
Percentile par nombre de réponses
Votre historique - résultats
Vous n’avez pas pris ce quiz depuis la dernière actualisation